Bilecik Bilecik Bilecik Bilecik Bilecik

Cries and whispers in Karamanlidika books : (Record no. 65482)

MARC details
000 -BAŞLIK
Sabit Uzunluktaki Kontrol Alanı 01809nam a22004457a 4500
001 - KONTROL NUMARASI
Control Dosyası 0065175
003 - KONTROL NUMARASI KİMLİĞİ
Kontrol Alanı KOHA_MİRAKIL
005 - EN SON İŞLEM TARİHİ ve ZAMANI
Kontrol Alanı 20260207004550.0
007 - FİZİKSEL TANIM SABİT ALAN - GENEL BİLGİ
Sabit uzunluklu kontrol alanı ta
008 - SABİT UZUNLUKTAKİ VERİ ÖGELERİ - GENEL BİLGİ
Sabit Alan 191224b2010 gea|||gr||||#||||0|eng |
020 ## - ISBN - ULUSLARARASI STANDART KİTAP NUMARASI
Isbn 9783447061858
020 ## - ISBN - ULUSLARARASI STANDART KİTAP NUMARASI
Isbn
-- 3447061855
040 ## - KATALOGLAMA KAYNAĞI
Özgün Kataloglama Kurumu TR-BiSEU
Kataloglama Dili tur
Çeviri Kurumu TR-BiSEU
Açıklama Kuralları rda
041 0# - DİL KODU
Metin ya da ses kaydının dil kodu eng
-- ger
044 ## - YAYINLAYAN/ÜRETEN KURULUŞUN ÜLKE KODU
ISO country code ge
050 ## - SINIFLAMA ve YER NUMARASI
Sınıflama Numarası Z464.T89
Yer Numarası I58 2010
111 2# - TOPLANTI ADI
Toplantı Adı International Conference on Karamanlidika Studies (1st : 2008 : Nicosia, Cyprus)
9 (RLIN) 122107
245 1# - ESER ADI BİLDİRİMİ
Başlık Cries and whispers in Karamanlidika books :
Alt Eseradı vb. proceedings of the first International Conference on Karamanlidika Studies (Nicosia, 11th-13th September 2008)/
Sorumluluk Bildirimi edited by Evangelia Balta and Matthias Kappler.
264 #1 - ÜRERİM, YAYIN, DAĞITIM ve TELİF BİLDİRİMİ
Yayın yeri Wiesbaden :
Yayınlayan Harrassowitz
Yayın tarihi 2010
300 ## - FİZİKSEL TANIMLAMA
Sayfa, Cilt vb. 292 pages :
Diğer fiziki detaylar illustrated ;
Boyutları 24 cm.
336 ## - İÇERİK TÜRÜ
Content type term metin
Content type code txt
Source rdacontent
337 ## - MEDYA TÜRÜ
Media type term aracısız
Media type code n
Source rdamedia
338 ## - TAŞIYICI TÜRÜ
Carrier type term cilt
Carrier type code nc
Source rdacarrier
490 1# - DİZİ BİLDİRİMİ
Dizi Bildirimi Turcologica ;
Cilt Numarası Bd.
490 1# - DİZİ BİLDİRİMİ
Dizi Bildirimi 83
500 ## - GENEL NOT
Genel Not Includes bibliographical references.
650 #0 - KONU BAŞLIĞI EK GİRİŞ - KONU TERİMİ
Konusal terim veya coğrafi ad Karamanli imprints--Congresses.
9 (RLIN) 122108
650 #0 - KONU BAŞLIĞI EK GİRİŞ - KONU TERİMİ
Konusal terim veya coğrafi ad Publishers and publishing--Turkey--History--Congresses.
9 (RLIN) 40276
650 #0 - KONU BAŞLIĞI EK GİRİŞ - KONU TERİMİ
Konusal terim veya coğrafi ad Turkish imprints--History--Congresses.
9 (RLIN) 122109
650 #0 - KONU BAŞLIĞI EK GİRİŞ - KONU TERİMİ
Konusal terim veya coğrafi ad Greek imprints--Turkey--History--Congresses.
9 (RLIN) 122110
650 #0 - KONU BAŞLIĞI EK GİRİŞ - KONU TERİMİ
Konusal terim veya coğrafi ad Turkish literature--History and criticism--Congresses.
9 (RLIN) 58681
650 #0 - KONU BAŞLIĞI EK GİRİŞ - KONU TERİMİ
Konusal terim veya coğrafi ad Karamanlı dizileri--Kongreler.
9 (RLIN) 122111
650 #0 - KONU BAŞLIĞI EK GİRİŞ - KONU TERİMİ
Konusal terim veya coğrafi ad Yayıncılar ve yayıncılık--Türkiye--Tarih--Kongreler.
9 (RLIN) 122112
650 #0 - KONU BAŞLIĞI EK GİRİŞ - KONU TERİMİ
Konusal terim veya coğrafi ad Türk dizileri--Tarih--Kongreler.
9 (RLIN) 122113
650 #0 - KONU BAŞLIĞI EK GİRİŞ - KONU TERİMİ
Konusal terim veya coğrafi ad Yunan dizileri--Türkiye--Tarih--Kongreler.
9 (RLIN) 122114
650 #0 - KONU BAŞLIĞI EK GİRİŞ - KONU TERİMİ
Konusal terim veya coğrafi ad Türk edebiyatı--Tarih ve eleştiri--Kongreler.
9 (RLIN) 86911
830 1# - SERİ EK GİRİŞİ - TEKBİÇİM ESER ADI
Tekbiçim Başlık Turcologica ;
Volume number/sequential designation Bd.
9 (RLIN) 121479
830 1# - SERİ EK GİRİŞİ - TEKBİÇİM ESER ADI
Tekbiçim Başlık 83
9 (RLIN) 9190
942 ## - EK GİRİŞ ÖGELERİ (KOHA)
Source of classification or shelving scheme Library of Congress Classification
Koha item type Book
Holdings
Materyal Türü Kalıcı Konum Mevcut Konum Raf Yeri Sınıflandırma Kaynağı Edinim Bilgisi Ana Konular Alt Konular Yer Numarası Demirbaş Numarası Fatura Tarihi Geri Çekilme Durumu Kayıp Durumu Hasarlı Durumu Kredi için değil Kayıt Tarih Toplam Ödünçverme Son Görülme Tarihi Son Kontrol Tarihi
Book Prof. Dr. Azmi Özcan Kütüphanesi Prof. Dr. Azmi Özcan Kütüphanesi Birûni Salonu Library of Congress Classification Satın BİBLİYOGRAFYA, KÜTÜPHANE BİLİMİ Kitaplar (Genel), Yazı, Kütüphaneler, Bibliyografya Z464.T89 I58 2010 0065175 02/02/2026         24/12/2019 1 05/03/2025 05/03/2025